Cilada [juego] : 50 quebra-cabeças... /

Guardado en:
Formato: Objeto Físico
Publicado: Brasil : Brinquedos Estrela, [199?]
Materias:
Etiquetas: Agregar Etiqueta
Sin Etiquetas, Sea el primero en etiquetar este registro!
LEADER 00719nrm a22001695g 4500
001 CEM.cems019158
008 130507b199?##################0###0#####d
005 20220829183804.0
003 CEMS
245 0 0 |a Cilada [juego] :  |b 50 quebra-cabeças... /  |c Estrela. 
260 |a Brasil :  |b  Brinquedos Estrela, [199?] 
300 |a 1 Juego (1 tablero-caja, 8 fichas con tres molduras, 16 fichas con 2 molduras) ; en caja plástica desplegable 18 x 10 x 2 cm. + instrucciones. 
500 |a Para 1 jugador a partir de 3 años objetivo: rompecabezas con cincuenta posibilidades. 
505 0 |a Instrucciones en portugués 
082 0 4 |a J793.73 
653 |a 1. juegos de rompecabezas 
859 |a CEMS  |b BIB. CEMS - Ludoteca  |h J793.73  |i Es88  |p 058.92  |t Ej.1